Tejido, bordado y telar / (Registro nro. 11430)

Detalles MARC
000 -LIDER
fixed length control field 00786nam a22002657a 4500
001 - NÚMERO DE CONTROL
Identificador de número de control 00114012
003 - IDENTIFICACDOR DE NÚMERO DE CONTROL
control field DO-SdBNP
005 - DATE AND TIME OF LATEST TRANSACTION
control field 20160928122612.0
007 - CAMPOS FIJOS DE DESCRIPCIÓN FÍSICA
fixed length control field 00114012
008 - ELEMENTOS DE LONGITUD FIJA
fixed length control field 160916b 2010 ag||||| |||| 00| 0 spa d
020 ## - ISBN
International Standard Book Number 9789876080729
040 ## - FUENTE DE CATALOGACIÓN
Agencia que crea de manera original el registro BPMSU
Idioma de catalogación spa
Agencia que realiza la transcripción BPMSU
082 ## - NÚMERO DE CLASIFICACIÓN DECIMAL DE DEWEY
Classification number 746.44
Item number T266b
245 1# - MENCIÓN DE TITULO
Título Tejido, bordado y telar /
Mención de responsabilidad Ana María Keller ...[et al]. ; colaboración Elba Fabro, Yamila Nair Flores
300 ## - DESCRIPCIÓN FÍSICA
Extensión 192 p. :
Otros detalles físicos il.,
Dimensiones 34 cm.
650 #4 - ENCABEZAMIENTO DE MATERIA--TEMÁTICO
Término temático o nombre geográfico como elemento de entrada HILADO A MANO
650 #4 - ENCABEZAMIENTO DE MATERIA--TEMÁTICO
Término temático o nombre geográfico como elemento de entrada TEJIDO A MANO
650 #4 - ENCABEZAMIENTO DE MATERIA--TEMÁTICO
Término temático o nombre geográfico como elemento de entrada ARTESANIAS TEXTILES
700 12 - ASIENTO SECUNDARIO -- NOMBRE PERSONAL
Nombre personal Keller, Ana María
700 12 - ASIENTO SECUNDARIO -- NOMBRE PERSONAL
Nombre personal Fabro, Elba
Mención de responsabilidad colab.
700 12 - ASIENTO SECUNDARIO -- NOMBRE PERSONAL
Nombre personal Nair Flores,Yamila
Mención de responsabilidad colab.
910 ## - VALIDACIÓN
Validación Validado. Control de calidad MFF
942 ## - ADDED ENTRY ELEMENTS (KOHA)
Source of classification or shelving scheme Dewey Decimal Classification
Koha item type Libros
956 ## - LOCAL ELECTRONIC LOCATION AND ACCESS (OCLC)
Nombre de host BTAVÁREZ
Número de acceso 10
Información de compresión 20161609
Trayectoria 00114012
Existencias
Withdrawn status Lost status Source of classification or shelving scheme Damaged status Not for loan Collection code Home library Current library Date acquired Source of acquisition Total Checkouts Full call number Barcode Date last seen Price effective from Koha item type Copy number
    Dewey Decimal Classification     Colección General Biblioteca Pública Metropolitana Salomé Ureña Biblioteca Pública Metropolitana Salomé Ureña 09/16/2016 Compra   746.44 T266b BPMSU16090380 09/16/2016 09/16/2016 Libros  
    Dewey Decimal Classification     Colección General Biblioteca Pública Metropolitana Salomé Ureña Biblioteca Pública Metropolitana Salomé Ureña 09/16/2016 Compra   746.44 T266b BPMSU16090381 09/16/2016 09/16/2016 Libros ej. 2